000 00725nam a2200253Ia 4500
003 OSt
005 20220925203039.0
006 a|||||r|||| 00| 0
007 ta
008 220923b |||||||| |||| 00| 0 eng d
020 _a0 7069 0308 0
037 _cGeneral Book
040 _aRTL
_cRTL
_beng
041 _2eng
_aeng
082 _aX:76.2.N73<---N51, L4
100 _aGhosh A. B.
_9129607
245 0 _aPrice trends and policies in India
260 _aDelhi
_bVikas India
_c1974
300 _avi,255p. Bibliography p.246-48j; Appendix p.141-245
_ccm.
650 _a Economics
650 _aPrice
942 _hX:76.2.N73<---N51, L4
_cGB
_2CC
999 _c545054
_d545054